Genèse et structure de la phénoménologie de l'esprit de Hegel
Gespeichert in:
| 1. Verfasser: | |
|---|---|
| Format: | Buch |
| Sprache: | Französisch |
| Veröffentlicht: |
París
Aubier
1946
|
| Schriftenreihe: | Philosophie de l'esprit
|
| Schlagworte: | |
| Tags: |
Tag hinzufügen
Keine Tags, Fügen Sie den ersten Tag hinzu!
|
MARC
| LEADER | 00000nam a2200000 a 4500 | ||
|---|---|---|---|
| 001 | UCZ2779 | ||
| 003 | CL-VaPUC | ||
| 008 | 951006e19460000FR |||||||||||||||||fre|d | ||
| 082 | 0 | 4 | |a 142.7 |b HYP |2 21 |
| 100 | |a Hyppolite, Jean |e author |9 348706 | ||
| 245 | 1 | 0 | |a Genèse et structure de la phénoménologie de l'esprit de Hegel |
| 300 | |a v | ||
| 942 | |c BK | ||
| 945 | |d 19951006 00:00:00 |a lriquelm | ||
| 260 | |a París |b Aubier |c 1946 | ||
| 650 | 0 | |a Fenomenología |9 256519 | |
| 650 | 0 | |a Filosofía del espíritu |9 320175 | |
| 650 | 0 | |a Escuelas filosóficas |9 266232 | |
| 650 | 0 | |a Libre albedrío |9 334583 | |
| 650 | 0 | |a Conciencia |9 309452 | |
| 650 | 0 | |a Percepción |9 266750 | |
| 583 | |a last modification |c 19951006 00:00:00 |k Rodrigo Vera | ||
| 490 | 0 | |a Philosophie de l'esprit | |
| 999 | |c 239334 |d 239332 | ||
| 952 | |0 0 |1 0 |4 0 |6 142_700000000000000_HYP_1946 |7 0 |8 P |9 250404 |a BIBEDU |b BIBEDU |c BIBEDU_PB |d 2019-11-18 |h v.1 |i 1581872 |o 142.7 HYP 1946 |p 1581872 |r 2024-01-25 |w 2019-11-18 |y BK |k FIL | ||
| 952 | |0 0 |1 0 |4 0 |6 142_700000000000000_HYP_1946 |7 0 |8 P |9 250405 |a BIBEDU |b BIBEDU |c BIBEDU_PB |d 2019-11-18 |h v.2 |i 1581880 |o 142.7 HYP 1946 |p 1581880 |r 2024-01-25 |w 2019-11-18 |y BK |k FIL | ||
| 952 | |0 0 |1 0 |4 0 |6 142_700000000000000_HYP_1946 |7 0 |8 A |9 250406 |a BIBDER |b BIBDER |d 2019-11-18 |h v.1 |i 1799320 |o 142.7 HYP 1946 |p 1799320 |r 2023-01-25 |w 2019-11-18 |y BK |k DER | ||
| 952 | |0 0 |1 0 |4 0 |6 142_700000000000000_HYP_1946 |7 0 |8 DER_TF |9 250407 |a BIBDER |b BIBDER |d 2019-11-18 |h v.1 |i 1880667 |o 142.7 HYP 1946 |p 1880667 |r 2023-01-25 |w 2019-11-18 |x Ubicación 4to Piso |y BK |z Estos recursos deben solicitarse con anticipación |k DER | ||
| 952 | |0 0 |1 0 |4 0 |6 142_700000000000000_HYP_1946 |7 0 |8 DER_TF |9 250408 |a BIBDER |b BIBDER |d 2019-11-18 |h v.2 |i 1880853 |o 142.7 HYP 1946 |p 1880853 |r 2023-01-25 |w 2019-11-18 |x Ubicación 4to Piso |y BK |z Estos recursos deben solicitarse con anticipación |k DER | ||